000 00343nam a2200133Ia 4500
005 20260326235445.0
008 260326s9999||||xx |||||||||||||| ||und||
100 _aSaldarriaga Roa, Alberto
245 0 _aSorzano :
_b Arquitectura integral /
_cAlberto Saldarriaga Roa
260 _bProa
300 _a96 p.
650 _aARQUITECTOS
942 _cBK
999 _c7573
_d7573